[Event "45th Olympiad 2024"]
[Site "Budapest HUN"]
[Date "2024.09.21"]
[Round "10.36"]
[Board "1"]
[White "Maksimovic, Bojan"]
[Black "Mandizha, Farai"]
[Result "0-1"]
[WhiteElo "2503"]
[BlackElo "2371"]
[PlyCount "78"]
[EventDate "2024.09.11"]
[WhiteTeam "Bosnia & Herzegovina"]
[BlackTeam "Zimbabwe"]
[WhiteTeamCountry "BIH"]
[BlackTeamCountry "ZIM"]

1. e4 {Ftacnik,Lubomir} c5 2. Nf3 d6 3. d4 cxd4 4. Nxd4 Nf6 5. Nc3 a6 6. Bg5 e6 7. f4 h6 8. Bh4 Qb6 9. Qd2 Qxb2 10. Rb1 Qa3 11. e5 dxe5 12. fxe5 g5 13. exf6 gxh4 14. Be2 Qa5 15. O-O Nd7 16. Kh1 Qg5 17. Qd3 ({RR} 17. Rf4 e5 18. Nd5 exd4 19. Qxd4 ({RR} 19. Nc7+ Kd8 20. Nxa8 d3 21. Bxd3 Bd6 22. Rbf1 Bxf4 23. Rxf4 h3 ({RR} 23... Re8 24. h3 Re6 25. Qb4 a5 ({RR} 25... Qc5 26. a4 Qxb4 27. Rxb4 Rxf6 28. Rg4 Re6 29. a5 ({RR} 29. Rd4 Ke7 30. Rc4 Rc6 31. Re4+ Kd8) 29... h5 30. Rxh4 Re5 31. Ra4 Ke7 32. Kh2 Nc5) 26. Qd4 Qe5 27. Rxh4 Qb8 28. Kg1 Qxa8 29. Rxh6 Qb8 30. Rh8+ Re8 31. Rxe8+ Kxe8 32. Bb5 Kd8 33. Bxd7 Bxd7) 24. gxh3 Qd5+ 25. Qg2 Qd6 26. Qf2 Re8 27. Qd4 Re6 28. c4 b5) ({RR} 19. Bf3 Bc5 20. Nc7+ ({RR} 20. Qa5 b6 21. Rxb6 O-O 22. Rg4 Qxg4 23. Bxg4 Nxb6 24. Qxc5 Nxd5 25. Qxd5 Bxg4 26. Qxd4 Be6 27. Qxh4 Kh7 28. Qe4+ Kh8 29. Qe3 Kh7 30. Qe4+) 20... Kf8 21. Nxa8 Rg8 ({RR} 21... Nxf6 22. Rxd4 Kg7 23. Rf1 Bf5 24. Nc7 Rc8 25. Nd5 Bxd4 26. Qxd4 Rc6 27. c4 Bg6 28. a3) 22. h3 Nxf6 23. Nb6 ({RR} 23. Rxd4 Bxd4 24. Qxd4 b5 25. Nc7 Kg7 26. c4 bxc4 27. Rb6 Bf5 28. a3 Rc8 29. Nd5 Re8) 23... Bxh3 24. Na4 Nh5 25. Nxc5 Nxf4 26. gxh3 Qf5 27. Be4 Qxh3+ 28. Qh2 Rg3 29. Qxh3) 19... Kd8 ({RR} 19... h3 20. Rg4 hxg2+ 21. Kxg2 Bc5 ({RR} 21... Bd6 22. Rxg5 hxg5 23. h3 Kd8 24. Bg4 Rh4 25. Re1 Rb8 26. Qe3 Rxg4+ 27. hxg4 Ne5 28. Qxg5 Ng6 29. Ne7) 22. Qd3 Rg8 23. Nc7+ Kf8 24. Rxg5 Rxg5+ 25. Kh1 Nxf6 26. Nxa8 Bf5 27. Qd8+ Kg7 28. Bf3) ({RR} 19... Bc5 20. Qe4+ Kd8 21. Rf5 Re8 22. Qxe8+ Kxe8 23. Rxg5 hxg5 24. Nc7+ Kd8 25. Nxa8 Nxf6 26. Bf3 b5 27. Rd1+ Ke7 28. h3 Bd7 29. Nc7 ({RR} 29. Re1+ Kd6 30. Rf1 a5 31. Rd1+ Ke7 32. Nc7 Bd6) ({RR} 29. c3 a5 30. Nc7 Bd6 31. Nd5+ Nxd5 32. Rxd5 f5) 29... Bd6 30. Re1+ Kd8 31. Na8 g4 32. hxg4 Nxg4 33. Nb6 Be6 34. Nd5) 20. Rd1 ({RR} 20. Ne7 Qe5 21. Qd2 Bxe7 22. fxe7+ Qxe7 23. Bg4 f5 24. Rxf5 Re8 25. Rd1 Kc7 26. Rf7 Qxf7 27. Qd6+ Kd8 28. Qb6+ Ke7 29. Re1+ Kf8 30. Qxh6+ Kg8 31. Rxe8+ Qxe8 32. Be6+ Qxe6 33. Qxe6+ Kg7 34. Qg4+ ({RR} 34. Qe7+ Kg6 35. Qxh4 Nf6 36. Kg1 b5 37. Qg3+ Kf7 38. h3 Be6) 34... Kf7) 20... h3 21. g3 Bd6 22. Re4 ({RR} 22. Bg4 Bxf4 23. Bxd7 Bxd7 24. Qb6+ Ke8 25. Qb4 Kd8 26. Qb6+ ({RR} 26. Qa5+ Kc8 27. Nb6+ Kc7 28. Rxd7+ Kb8 29. Nd5 Qg4 30. Rxb7+ Kxb7 31. Qb6+ Kc8 32. Ne7+ Kd7 33. Qc6+ Kd8 34. Qxa8+ Kc7 35. Qc6+)) ({RR} 22. Nb6 Bc5 23. Qb2 Kc7 24. Nxd7 Rd8 25. Nxc5 Rxd1+ 26. Bxd1 Qxc5 27. Bf3 Rb8 28. Re4 Be6 29. c4 Qb6 30. Qxb6+ Kxb6 31. Kg1) 22... Re8 ({RR} 22... Bc5 23. Qc3 b6 24. Nxb6 Bxb6 25. Qc6 Rb8 26. Re7 Bd4 27. Rxd4 Rb1+ 28. Bd1 Qg4 29. Rexd7+ Bxd7 30. Qa8+ Kc7 31. Qa7+ Kd8 ({RR} 31... Kc6 32. Qxa6+ Kc7 33. Qa7+ Kc6 34. Qa6+ Kc7 35. Qd6+ Kb7 36. Rxg4 Bxg4) 32. Qa8+ Kc7 33. Qa7+ Kd8 34. Qa8+) 23. Nb6 ({RR} 23. Rxe8+ Kxe8 24. Nb6 Bc5 25. Qe4+ Kf8 26. Nxa8 Nxf6 27. Qf4 Qxf4 28. gxf4 Ke7 29. Bf3 Ng4 30. Re1+ Kf6 ({RR} 30... Kf8 31. Re2 Nf2+ 32. Kg1 Nd3+ 33. Kh1 Nf2+ 34. Kg1 Nd3+ 35. Kh1 Nf2+) 31. Re8 Bd7 32. Rg8 Nf2+ 33. Kg1 Ne4+ 34. Kf1 Bc6 35. Bg4) 23... Rxe4 24. Qxe4 Qc5 25. Nxa8 Nxf6 26. Qd3 ({RR} 26. Qc4 Ke7 27. Nb6 ({RR} 27. Qxc5 Bxc5 28. Re1 Kd6 29. Bf3 Ng4 30. Rd1+ Ke7 31. Rb1 b5 32. Re1+ Kd8 ({RR} 32... Kf6 33. Re8 Bd7 34. Rh8 Kg7 35. Rd8 Nf2+ 36. Kg1 Ng4+ 37. Kh1 Nf2+ 38. Kg1 Ng4+ 39. Kh1) 33. Rd1+ Ke7 34. Re1+ Ne3 35. Nc7 Kd6 36. Ne8+ Ke7) 27... Qxb6 28. Qxc8 Ne4 29. Rf1 Bxg3 30. Rf3 Nf2+ 31. Kg1 Ng4+ ({RR} 31... Bh4 32. Qf5 Ne4+ 33. Kh1 Nf2+ 34. Kg1 Ng4+ 35. Kh1 Nf2+ 36. Kg1) 32. Kh1 Nf2+ 33. Kg1 Ng4+ 34. Kh1 Nf2+) 26... Ke7 27. Bf3 h5 ({RR} 27... Be6 28. Qd4 Ng4 29. Rd2) 28. Qe2+ ({RR} 28. Qd4 Qxd4 29. Rxd4 Bc5 30. Rc4 Kd6 31. Rf4 Ng4 32. Rxf7) 28... Be6 29. Bxb7 Ng4 30. Rf1 h4 ({RR} 30... Be5 31. Rf3 Bc4 32. Qe1 Bd5 33. Bxd5 Qxd5 34. Qe2 Qxa8) 31. gxh4 ({RR} 31. Bf3 Nxh2 32. Qxh2 hxg3 33. Qd2 Qe5 34. Kg1 g2 35. Bxg2 Qh2+ 36. Kf2 Qxg2+ 37. Ke1 Bg3+) 31... Nxh2 {0-1 Nisipeanu,L (2673)-Wojtaszek,R (2711) EU-ch 12th Aix les Bains 2011 (9)} ({RR} 31... Be5 32. c4 Qd4 33. Bd5 ({RR} 33. Nb6 Qxb6 34. Bd5 f5) 33... Ne3 34. Re1 Bxd5+ 35. cxd5 Qxd5+ 36. Kg1 Qxa8) {RR} 32. Re1 Kf8 33. Qe3 Qb4 34. Qh6+ Ke7 35. Rxe6+ fxe6 36. Qg7+) ({RR} 17. Qe1 h3 ({RR} 17... Rg8 18. Bf3 Nxf6 19. Ne4 Nxe4 20. Qxe4) 18. gxh3 Qe5 19. Qf2 Rg8 20. Rbd1 ({RR} 20. Rfe1 Qxf6 21. Bf3 Be7 22. Ne4 Qh4 23. Qxh4 Bxh4 24. Nd6+ Kf8 25. Rf1) ({RR} 20. Bg4 Bc5 21. Rbd1 Kf8 ({RR} 21... Rg6) 22. Rfe1 Qxf6 23. Qe3 Rxg4 24. hxg4 b5 25. Ne4 Bb7 26. Kg1 Qg6 27. Kf1 Ba7) 20... Bb4 21. Na4 Rg6 22. Nb6 Rb8 23. Nc4 Qxf6 24. Bf3 Qe7 25. Qe2 ({RR} 25. c3 Bc5 26. Qe2 Rg7 27. Bh5 b5 28. Nc6 Bb7 29. N4a5 Rc8 30. Bf3 Bxc6 31. Bxc6 Rxc6 32. Nxc6 Qg5 33. h4 Qxh4 34. Ne5) 25... Qc5 ({RR} 25... Rf6 26. Rg1 Qf8 27. Rg3 Ke7 28. a3 Bc5 29. Nb3 Rf5 30. Be4) 26. Nb3 Qa7 27. Qd3 b5 28. Ne5 Rg7 29. Nc6 Qc7 30. Nbd4) ({RR} 17. Rf4 e5 18. Nd5 exd4 19. Qxd4 Bc5 20. Qe4+ Kd8 21. Rf5 Re8 22. Qxe8+ Kxe8 23. Rxg5 hxg5 24. Nc7+ Kd8 25. Nxa8 Nxf6 {½-½ Djurovic,P (2292)-Peng,L (2562) Balkan & Prishtina Open 2024 (4.13)}) 17... Nc5 18. Qf3 Bd6 ({RR} 18... Bd7 19. Rxb7 ({RR} 19. Rfe1 Bd6 20. Ne4 Nxe4 21. Qxe4 h3 22. Bf3 O-O 23. gxh3 Qxf6 24. Rb6 Bc5 25. Rxb7 Ra7 26. Rxa7 Bxa7) 19... h3 20. gxh3 Nxb7 21. Qxb7 Rc8 22. Bxa6 ({RR} 22. Rd1 Qa5 23. Nf3 Qc7 24. Rxd7 Qxd7 25. Qxa6 Rc6 26. Qa4 Rb6 ({RR} 26... Rc5 27. Bb5 Rxb5 28. Nxb5 Rg8 29. Qa8+ Qd8 30. Nc7+ Kd7 31. Ne5+) 27. Qa8+ Qd8 28. Bb5+ Rxb5 29. Qc6+ Qd7 30. Qa8+ Qd8 31. Qc6+ Qd7 32. Qa8+ Qd8) 22... Qc5 23. Bb5 Bxb5 24. Ndxb5 Qc6+ 25. Qxc6+ Rxc6 26. Ne4 Bc5 27. Nxc5 Rxc5 28. Nd6+ Kd7 29. Nxf7 Rhc8) ({RR} 18... Rg8 19. Rfd1 Bd7 20. Rxb7 Qxg2+ 21. Qxg2 Rxg2 22. Nxe6 Nxb7 23. Nc7+ Kd8 24. Nxa8 h3 25. Nb6 Bd6 26. Nxd7 Rxh2+ 27. Kg1 Rg2+ 28. Kh1 Kxd7 29. Bxa6) 19. Rbd1 $146 ({RR} 19. Rb6 Be5 20. Ne4 Nxe4 21. Qxe4 Bxd4 22. Qxd4 O-O 23. Bd3 h3 24. Rg1 Kh8 25. Qe4 Qg6 26. Qb4 hxg2+ 27. Rxg2 Qxg2+ 28. Kxg2 Rg8+ 29. Kf2 Bd7 30. Qh4 {1-0 Goldsztejn,G (2413)-Guliyev,N (2564) FRA-ch blitz 2014 (7)}) 19... Bc7 20. Nb3 Qe5 21. Qh3 Bd7 22. Rde1 Nxb3 23. cxb3 Ba5 24. Bb5 Qxc3 25. Bxd7+ Kxd7 26. Qxh4 Rac8 27. Qh5 Rhf8 28. Rd1+ Ke8 29. Qxh6 Rd8 30. Rc1 Qe5 31. Qh4 Rd4 32. Qf2 Rh8 33. h3 Qd5 34. Rc8+ Bd8 35. Rc3 Rh5 36. Rf3 Rd2 37. Qe3 Rd1 38. Qe2 Rd2 39. Qe3 Rg5 0-1

[Event "45th Olympiad 2024"]
[Site "Budapest HUN"]
[Date "2024.09.21"]
[Round "10.36"]
[Board "2"]
[White "Makoto, Rodwell"]
[Black "Stojanovic, Dalibor"]
[Result "1/2-1/2"]
[WhiteElo "2311"]
[BlackElo "2448"]
[PlyCount "72"]
[EventDate "2024.09.11"]
[WhiteTeam "Zimbabwe"]
[BlackTeam "Bosnia & Herzegovina"]
[WhiteTeamCountry "ZIM"]
[BlackTeamCountry "BIH"]

1. Nf3 Nf6 2. g3 g6 3. Bg2 Bg7 4. c4 d6 5. d4 O-O 6. Nc3 c6 7. e4 Bg4 8. h3 Bxf3 9. Bxf3 Nfd7 ({RR} 9... e5 10. d5 c5 11. g4 h6 12. g5 Nh7 13. h4 h5 14. Be3 Nd7 15. Kd2 f6 16. gxf6 Rxf6 17. Bg2 Qf8 18. Bh3 Bh6 19. Kd3 Bxe3 20. fxe3 Qe7 21. Qb3 Ndf8 22. Raf1 Rxf1 23. Rxf1 Rb8 24. Be6+ {½-½ Keymer,V (2698)-Van Foreest,J (2690) MrDodgy Inv 3 GpA 2022 (6.8)}) 10. Be3 c5 ({RR} 10... e5 11. d5 cxd5 12. Qxd5 Nc6 13. Qxd6 Nd4 14. Bd1 Rc8 15. b3 Qa5 16. Bd2 Bh6 17. f4 Nc5 18. O-O Rcd8 19. Qe7 Nc6 20. Nd5 Qxd2 21. Qxc5 exf4 22. Qf2 Qd3 23. gxf4 Bg7 24. e5 Qxh3 25. Bf3 {½-½ Unuk,L (2324)-Sousa,A (2432) TCh-ESP Div 1 2024 (3.9)}) 11. d5 Na6 12. O-O $146 ({RR} 12. Be2 Nc7 13. h4 a6 14. a4 e6 15. Kf1 exd5 16. exd5 Re8 17. Qc2 f5 18. h5 Ne5 19. Kg2 Qf6 {½-½ Leisch,L (2410)-Stojanovic,D (2479) BL2-Ost 2122 2022 (5.3)}) 12... Nc7 13. h4 a6 14. a4 e6 15. Be2 exd5 16. cxd5 Re8 17. Qc2 Rb8 18. Bf4 Ne5 19. Bg5 Qc8 20. Kg2 h6 21. Bc1 b5 22. f4 Nd7 23. h5 b4 24. Nd1 gxh5 25. Bxh5 b3 26. Qd3 Nf6 27. Bf3 Rb4 28. Nf2 Qd7 29. Rd1 c4 30. Qf1 c3 31. e5 dxe5 32. Nd3 c2 33. Nxb4 cxd1=Q 34. Qxd1 e4 35. Be2 a5 36. d6 axb4 1/2-1/2

[Event "45th Olympiad 2024"]
[Site "Budapest HUN"]
[Date "2024.09.21"]
[Round "10.36"]
[Board "3"]
[White "Culum, Sanjin"]
[Black "Mwadzura, Roy"]
[Result "1-0"]
[WhiteElo "2409"]
[BlackElo "2229"]
[PlyCount "183"]
[EventDate "2024.09.11"]
[WhiteTeam "Bosnia & Herzegovina"]
[BlackTeam "Zimbabwe"]
[WhiteTeamCountry "BIH"]
[BlackTeamCountry "ZIM"]

1. e4 e6 2. d4 d5 3. Nc3 Bb4 4. e5 c5 5. a3 Bxc3+ 6. bxc3 Ne7 7. h4 Qc7 8. h5 h6 9. Rb1 Nbc6 ({RR} 9... b6 10. Qg4 cxd4 11. Qxg7 Rg8 12. Qxh6 Qxe5+ 13. Ne2 dxc3 14. Qf4 Qxf4 15. Bxf4 Nbc6 16. Nxc3 e5 17. Bd2 Bf5 18. f3 Rd8 19. Kf2 f6 20. Bd3 Kf7 21. g4 Bxd3 22. cxd3 Nd4 23. Rhc1 Rc8 24. Ne2 {½-½ Caruana,F (2835)-Nepomniachtchi,I (2784) Carlsen Inv Prelim rapid 2020 (1.1)}) 10. f4 ({RR} 10. Qg4 Rg8 11. Bd3 c4 12. Bh7 Nxe5 13. Qg3 Nd3+ 14. Bxd3 Qxg3 15. fxg3 cxd3 16. cxd3 b6 17. Bf4 Ba6 18. Kd2 Kd7 19. Nf3 f6 20. Rhe1 Rge8 21. g4 Nc6 22. Re2 Rac8 23. Rbe1 Na5 24. Kc2 Bb5 {0-1 Volchkova,A (1913)-Smekalov,A (2132) Korchnoi Mem Open 2024 (2.36)}) 10... Qa5 11. Bd2 c4 12. Nf3 $146 ({RR} 12. Qc1 b6 13. Nf3 Bd7 14. g4 O-O-O 15. Bh3 Qa4 16. Qb2 Rdf8 17. Be3 g6 18. Kd2 gxh5 19. gxh5 f5 20. Rbg1 Be8 21. Bf1 Rfg8 22. Be2 Rxg1 23. Nxg1 Rg8 24. Bf3 Kc7 25. Ne2 a5 26. Rb1 Nc8 {½-½ Vachier Lagrave,M (2741)-Rapport,R (2745) Superbet Classic 2023 (6.1)}) 12... Qa4 13. Nh4 b6 14. g3 Bd7 15. Bh3 O-O-O 16. Ra1 Rdg8 17. O-O g6 18. Kh2 Rh7 19. g4 gxh5 20. gxh5 Rhg7 21. Be3 Nf5 22. Nxf5 exf5 23. Rg1 Rxg1 24. Bxg1 Be6 25. Qc1 Kc7 26. Bf2 a6 27. Rb1 Na7 28. Rb4 Qe8 29. Qd2 a5 30. Rb1 Qa4 31. Qc1 Nb5 32. Qb2 Kc6 33. Bh4 Rb8 34. Ra1 Rg8 35. Rb1 Rb8 36. Ra1 Rg8 37. Bf6 Rb8 38. Bg2 Nc7 39. Bf3 Rg8 40. Rg1 Rg4 41. Bxg4 fxg4 42. Bg7 Kb7 43. Rb1 Na8 44. Kg3 Qe8 45. f5 Bxf5 46. Rf1 Be6 47. Qc1 Nc7 48. Qxh6 Qa4 49. Qd2 Qd7 50. h6 Bf5 51. Qf4 Bg6 52. Qxg4 Qa4 53. Qe2 Qxa3 54. Qe3 Qb2 55. Rxf7 Qxc2 56. Rf2 Qb1 57. Kh2 Be4 58. Kh3 a4 59. Rh2 a3 60. Qf2 Qd3+ 61. Qg3 Bf5+ 62. Kh4 Qe4+ 63. Kg5 Bh7 64. Qg4 Qb1 65. e6 a2 66. Rxa2 Qxa2 67. Be5 Qc2 68. Kf6 Nxe6 69. Kxe6 Ka6 70. Kxd5 Qxc3 71. Qc8+ Kb5 72. Qd7+ Kb4 73. Qxh7 Qf3+ 74. Kd6 c3 75. d5 Qf8+ 76. Kd7 Kb3 77. d6 b5 78. Qb1+ Kc4 79. Qe4+ Kb3 80. Qd5+ Kc2 81. Qxb5 Qxh6 82. Qa4+ Kd3 83. Qd4+ Ke2 84. Qe4+ Kd1 85. Qd3+ Kc1 86. Qxc3+ Kd1 87. Kc7 Qe6 88. d7 Qf7 89. Qd4+ Kc2 90. Kc8 Qe6 91. Qd6 Qf5 92. Kb8 1-0

[Event "45th Olympiad 2024"]
[Site "Budapest HUN"]
[Date "2024.09.21"]
[Round "10.36"]
[Board "4"]
[White "Mushore, Emarald Takudzwa"]
[Black "Marjanovic, Dejan"]
[Result "1/2-1/2"]
[WhiteElo "2150"]
[BlackElo "2365"]
[PlyCount "130"]
[EventDate "2024.09.11"]
[WhiteTeam "Zimbabwe"]
[BlackTeam "Bosnia & Herzegovina"]
[WhiteTeamCountry "ZIM"]
[BlackTeamCountry "BIH"]

1. e4 c5 2. Nf3 Nc6 3. d4 cxd4 4. Nxd4 e5 5. Nb5 d6 6. N1c3 a6 7. Na3 Rb8 8. Nc4 Be6 9. Nd5 ({RR} 9. a4 h6 10. Be3 Nf6 11. Bb6 Qd7 12. Qd2 Be7 13. O-O-O O-O 14. Nxd6 Nb4 15. Bc5 Na2+ 16. Nxa2 Qxa4 17. Qb4 Qxa2 18. Qa3 Qxa3 19. Bxa3 Ng4 20. Bc5 b6 21. Be3 Nxe3 22. fxe3 b5 23. Nf5 Bc5 {0-1 Kovacevic,A (2479)-Kadric,D (2553) 22nd Premier League BIH 2024 (1.1)}) 9... Bxd5 10. exd5 Nce7 11. Ne3 $146 ({RR} 11. g3 Nf6 12. Bg2 Rc8 13. Ne3 g6 14. O-O Bg7 15. c4 Nd7 16. b4 O-O 17. c5 dxc5 18. d6 Nc6 19. bxc5 Nxc5 20. Ba3 Nd4 21. Rc1 Qxd6 22. Bxb7 Rc7 23. Bg2 Rb8 24. Nc4 Qe6 25. Re1 Rbc8 {½-½ Sveshnikov,E (2478)-Gabrielian,A (2448) Cheliabinsk m 2021 (1.3)}) ({RR} 11. g4 Ng6 12. a4 Be7 13. Be3 Nf6 14. g5 Nd7 15. h4 O-O 16. Bd3 Nf4 17. Bxf4 exf4 18. Qd2 Re8 19. Kf1 Nc5 20. Qxf4 Nxd3 21. cxd3 Bf8 22. a5 Qd7 23. h5 Qb5 24. Qf3 Rbc8 25. Rh4 Rc5 {1-0 De Winter,A (2374)-Ikonnikov,V (2473) Dutch League 2022-23 (8.3)}) ({RR} 11. a4 Nf6 12. Ne3 g6 13. a5 Bh6 14. c4 b6 15. axb6 Qxb6 16. Qa4+ Kf8 17. Ra2 Ne4 18. Be2 Nf5 19. Ra3 Nxe3 20. fxe3 Nc5 21. Qc6 Qb4+ 22. Kf2 Rb6 23. Qc7 Kg7 24. Rf1 Rb7 25. Qxd6 Ne4+ {0-1 Ronka,E (2295)-Oparin,G (2681) Titled Tue 10th Oct Early 2023 (3)}) 11... g6 12. c4 f5 13. Qa4+ Kf7 14. Bd2 Nf6 15. Be2 h5 16. Rd1 f4 17. Nc2 Nf5 18. f3 Bh6 19. Bd3 Bg5 20. Ba5 Qc8 21. Bb6 Bh4+ 22. Kd2 Nd7 23. Qb4 Nxb6 24. Qxb6 Qd8 25. Qxd8 Bxd8 26. Rb1 Bb6 27. Rhe1 Kf6 28. b4 g5 29. a4 a5 30. Bxf5 Kxf5 31. Kd3 axb4 32. Nxb4 Ra8 33. Nc2 Ra6 34. Rb5 Bf2 35. Rf1 Bc5 36. Rxb7 Rxa4 37. Rfb1 Ra7 38. Rb8 Ra8 39. R8b7 Ra7 40. Rb8 Ra8 41. R8b7 Kg6 42. R1b3 Rh7 43. Rb8 Rha7 44. Ke4 g4 45. Rxa8 Rxa8 46. Rb7 Ra2 47. Kd3 h4 48. h3 e4+ 49. fxe4 f3 50. gxf3 g3 51. Rb8 Kf7 52. Ne1 Ra3+ 53. Kd2 Ra2+ 54. Kd3 g2 55. Nxg2 Rxg2 56. e5 dxe5 57. Rc8 Bb4 58. c5 Rg3 59. Ke4 Rxh3 60. d6 Ke6 61. Re8+ Kd7 62. Re7+ Kd8 63. c6 Bxd6 64. Rd7+ Kc8 65. Rxd6 Kc7 1/2-1/2

[Event "45th Olympiad 2024"]
[Site "Budapest HUN"]
[Date "2024.09.21"]
[Round "10.37"]
[Board "1"]
[White "Miguel, Sergio"]
[Black "Bachmann, Axel"]
[Result "0-1"]
[WhiteElo "2241"]
[BlackElo "2560"]
[PlyCount "126"]
[EventDate "2024.09.11"]
[WhiteTeam "Angola"]
[BlackTeam "Paraguay"]
[WhiteTeamCountry "ANG"]
[BlackTeamCountry "PAR"]

1. e4 c5 2. Nf3 e6 3. d4 cxd4 4. Nxd4 Nc6 5. Nb5 d6 6. c4 Nf6 7. N5c3 Be7 8. Be2 b6 9. O-O Bb7 10. Bf4 O-O 11. Re1 Rc8 12. Bf1 ({RR} 12. Nd2 Ne5 13. Rc1 a6 14. Bg3 Nfd7 15. f4 Ng6 16. Nf3 Bf6 17. Bf1 Nc5 18. e5 dxe5 19. fxe5 Be7 20. b4 Nd7 21. a3 Rc7 22. Ne4 a5 23. Qd2 axb4 24. axb4 Bxe4 25. Rxe4 Nb8 26. Rd4 Qc8 {0-1 Gulko,B (2530)-Karpov,A (2695) URS-ch44 Final 1976 (13)}) ({RR} 12. Nd2 h6 13. Rc1 g5 14. Be3 d5 15. exd5 exd5 16. Nxd5 Nxd5 17. cxd5 Nb4 18. Rxc8 Bxc8 19. Bc4 Nxd5 20. Bd4 Nf4 21. Be5 Ng6 22. Bc3 Bb7 23. Qc2 Kh7 24. Nf1 b5 25. Bd3 b4 26. Be5 Bf6 {½-½ Sanchez Enriquez,O (2286)-Berdayes Ason,D (2505) LXIX Mexican Open 2024 (9.3)}) 12... Ne5 13. Nd2 Qc7 14. Rc1 Qb8 $146 ({RR} 14... Rfd8 15. h3 Qb8 16. b3 a6 17. Qe2 Nfd7 18. Bg3 Ng6 19. Nf3 Nde5 20. Nxe5 dxe5 21. Red1 Qc7 22. Rxd8+ Rxd8 23. Rd1 Bb4 24. Qe3 Bc5 25. Qc1 h5 26. Bd3 h4 27. Bh2 Qe7 28. Bc2 Qf6 29. Rxd8+ {½-½ Malinovsky,K (2463)-Jansa,V (2394) ECo-C Extraliga 2022-23 (7.6)}) 15. Nb5 Rfe8 16. a3 a6 17. Nd4 Qa8 18. Qe2 Ng6 19. Bg3 h5 20. h3 h4 21. Bh2 Nd7 22. f4 e5 23. fxe5 dxe5 24. Nf5 Bf8 25. Nb1 b5 26. b4 bxc4 27. Rxc4 Rxc4 28. Qxc4 Nf6 29. Nc3 Qa7+ 30. Kh1 Rc8 31. Qd3 Qf2 32. Qe3 Qc2 33. Rc1 Qb2 34. Ne2 Rc2 35. Rxc2 Qxc2 36. Qc1 Qxe4 37. Ne3 Nf4 38. Nc3 Qd4 39. Ncd1 Ne4 40. Qb2 Qd6 41. Nf2 Ng3+ 42. Bxg3 hxg3 43. Nfg4 Qd4 44. Qxd4 exd4 45. Nf5 d3 46. Nxg3 d2 47. Ne3 Nxh3 48. Be2 Bd6 49. Ngf5 Be5 50. Nd1 Ng5 51. Nfe3 Ne4 52. Bf3 Bf4 53. Kg1 Bc6 54. g3 Bg5 55. a4 f5 56. b5 axb5 57. axb5 Bxb5 58. Nxf5 Ba4 59. Nb2 Bc2 60. Bd1 Bb1 61. Bb3+ Kh7 62. Kg2 Nc5 63. Nd4 Bf6 0-1

[Event "45th Olympiad 2024"]
[Site "Budapest HUN"]
[Date "2024.09.21"]
[Round "10.37"]
[Board "2"]
[White "Delgado Ramirez, Neuris"]
[Black "Sapalo, Gabriel"]
[Result "1-0"]
[WhiteElo "2484"]
[BlackElo "2058"]
[PlyCount "101"]
[EventDate "2024.09.11"]
[WhiteTeam "Paraguay"]
[BlackTeam "Angola"]
[WhiteTeamCountry "PAR"]
[BlackTeamCountry "ANG"]

1. e4 c5 2. Nf3 e6 3. Qe2 Nc6 4. c3 e5 5. Na3 ({RR} 5. Qe3 Nf6 6. Bc4 Be7 7. d3 O-O 8. O-O a6 9. a4 d6 10. Qe2 h6 11. Na3 Na5 12. Ba2 Bd7 13. b4 cxb4 14. cxb4 Nc6 15. Bd2 Bg4 16. Nc2 Qd7 17. Bc4 Nd8 18. Ne3 Bh5 19. Nf5 Ne6 {1-0 Deac,B (2698)-Xiong,J (2693) Titled Tue 15th Aug Late 2023 (9)}) 5... Nf6 $146 ({RR} 5... g6 6. g3 d6 7. Bg2 Bg4 8. h3 Be6 9. O-O Bg7 10. Nc2 Nge7 11. Rd1 Qb6 12. Ne3 O-O 13. d3 h6 14. Nh2 f5 15. Nd5 Qd8 16. Nf1 Qd7 17. Nxe7+ Nxe7 18. exf5 gxf5 19. d4 cxd4 20. cxd4 {½-½ Petrenko,S (2327)-Zakurdjaeva,I (2270) St Petersburg Rudenko Memorial (Women) 2004 (4)}) ({RR} 5... g6 6. Nc4 d6 7. g3 Bg7 8. Qd3 Ke7 9. Bg2 f5 10. Ne3 fxe4 11. Nd5+ Kf8 12. Qxe4 Nf6 13. Nxf6 Qxf6 14. O-O Bf5 15. Qa4 h6 16. Re1 g5 17. d4 cxd4 18. cxd4 e4 19. Nd2 Qxd4 20. Qa3 {0-1 Krivenko,D (2258)-Yagupov,I (2290) Titled Tue 26th Mar Early 2024 (10)}) ({RR} 5... g6 6. d3 Bg7 7. g3 Nge7 8. Bg2 d6 9. Nc2 O-O 10. O-O f5 11. b4 cxb4 12. cxb4 Bd7 13. Nd2 f4 14. Nc4 b5 15. Nd2 Rc8 16. Bb2 Qb6 17. a4 bxa4 18. Nc4 Qb8 19. Rfb1 Nd4 20. Bxd4 {0-1 Pedroso,D (1873)-Campos,I (2164) Florianopolis op 6th 2020 (2)}) ({RR} 5... a6 6. Nc4 d6 7. a4 Be6 8. d3 h6 9. a5 Bxc4 10. dxc4 Nxa5 11. Qc2 Ne7 12. h4 g6 13. h5 g5 14. Be2 Bg7 15. Nh2 O-O 16. Ng4 f6 17. Ne3 b5 18. O-O bxc4 19. Nxc4 Nb7 20. Ne3 {1-0 Czebe,A (2360)-Kordzadze,N (1966) Rhodes Summer Cup 2023 (7.6)}) 6. d3 Be7 7. Nc4 d6 8. Bg5 b5 9. Ne3 b4 10. Qd2 O-O 11. Be2 a5 12. O-O h6 13. Bxf6 Bxf6 14. a4 g6 15. Qc2 Bg7 16. Nd2 Be6 17. Rae1 Rc8 18. Qc1 f5 19. exf5 gxf5 20. f4 d5 21. fxe5 Nxe5 22. Nd1 Qd6 23. Nf2 f4 24. Nf3 Nd7 25. Bd1 Nb6 26. h3 Bd7 27. Ng4 bxc3 28. bxc3 Bxa4 29. Bxa4 Nxa4 30. Nge5 Nb6 31. Qa3 a4 32. Re2 Rfd8 33. Qc1 Rf8 34. Rfe1 Nd7 35. Ng4 Qa6 36. Re7 Nf6 37. Qxf4 Nh5 38. Qe3 Nf4 39. Rb1 d4 40. Qe4 Qg6 41. Rbb7 Rce8 42. Rxg7+ Qxg7 43. Rxg7+ Kxg7 44. Qc6 Re6 45. Qxc5 Ne2+ 46. Kh2 Rxf3 47. gxf3 dxc3 48. f4 a3 49. f5 Ra6 50. Qe7+ Kg8 51. f6 1-0

[Event "45th Olympiad 2024"]
[Site "Budapest HUN"]
[Date "2024.09.21"]
[Round "10.37"]
[Board "3"]
[White "Silva, David"]
[Black "Cubas, Jose Fernando"]
[Result "0-1"]
[WhiteElo "2363"]
[BlackElo "2417"]
[PlyCount "122"]
[EventDate "2024.09.11"]
[WhiteTeam "Angola"]
[BlackTeam "Paraguay"]
[WhiteTeamCountry "ANG"]
[BlackTeamCountry "PAR"]

1. e4 c5 2. Nf3 Nc6 3. d4 cxd4 4. Nxd4 e5 5. Nb5 d6 6. c4 Be6 7. N5c3 Nf6 8. Na3 Be7 9. Nc2 O-O 10. Be2 Rc8 11. O-O a6 $146 ({RR} 11... Nb8 12. Ne3 Nbd7 13. Bd3 a6 14. Qe2 Nc5 15. Bc2 g6 16. Rd1 Bd7 17. Ned5 Nxd5 18. Nxd5 Bg5 19. Be3 Bxe3 20. fxe3 Kh8 21. Nc3 Qb6 22. b3 Be6 23. Qd2 Rcd8 24. Kh1 a5 25. Rab1 Qc6 26. Rf1 {0-1 Gomez Barrera,J (2266)-Arakhamia-Grant,K (2297) FIDE Grand Swiss Women 2023 (10.24)}) 12. Be3 Nb8 13. Na3 Nbd7 14. Rc1 Nc5 15. Bf3 Bd7 16. b4 Ne6 17. Qd2 Kh8 18. Nd5 Nxd5 19. exd5 Ng5 20. Be2 f5 21. f4 Ne4 22. Qd3 exf4 23. Rxf4 Bg5 24. Rf3 f4 25. Bd4 Bf5 26. Qc2 Bf6 27. Bxf6 Qxf6 28. Bd3 Qd4+ 29. Kh1 g5 30. Bxe4 Bxe4 31. Qc3 Qg7 32. Qxg7+ Kxg7 33. Rfc3 g4 34. Kg1 Rf5 35. b5 f3 36. gxf3 gxf3 37. Kf2 Rg5 38. Re1 Bxd5 39. Re7+ Kf6 40. Ree3 Be6 41. Rxf3+ Rf5 42. Rxf5+ Bxf5 43. Rf3 Rc5 44. bxa6 bxa6 45. Nc2 Ke5 46. Ne3 Be6 47. Rf8 Bxc4 48. Rf5+ Kd4 49. Rf4+ Kd3 50. Nxc4 Rxc4 51. Rf6 Rc2+ 52. Kg3 Rc6 53. Rh6 Kc3 54. h4 a5 55. Rxh7 d5 56. Kf3 d4 57. Ra7 Rc5 58. Ke2 Kc2 59. Rd7 Re5+ 60. Kf3 d3 61. Rc7+ Kd1 0-1

[Event "45th Olympiad 2024"]
[Site "Budapest HUN"]
[Date "2024.09.21"]
[Round "10.37"]
[Board "4"]
[White "Almiron, Antonio"]
[Black "Junior, Domingos"]
[Result "1/2-1/2"]
[WhiteElo "2312"]
[BlackElo "2183"]
[PlyCount "75"]
[EventDate "2024.09.11"]
[WhiteTeam "Paraguay"]
[BlackTeam "Angola"]
[WhiteTeamCountry "PAR"]
[BlackTeamCountry "ANG"]

1. e4 c6 2. Nf3 d5 3. d3 dxe4 4. dxe4 Qxd1+ 5. Kxd1 Nf6 6. Nfd2 g6 7. f3 Bg7 8. c3 O-O 9. Nc4 Nfd7 $146 ({RR} 9... Rd8+ 10. Kc2 b5 11. Na5 a6 12. Be3 Be6 13. Nd2 Nfd7 14. a4 Rc8 15. g4 Nf6 16. h3 h5 17. Be2 Nbd7 18. Rhg1 hxg4 19. hxg4 Ne8 20. f4 Nf8 21. Nb7 Rcb8 22. Nc5 Bc8 23. Ndb3 Nd7 24. Na5 {1-0 Leiva Rodriguez,J (2391)-Torres,J (2013) Manizales Las Americas op-A 2021 (2)}) ({RR} 9... Nbd7 10. a4 Ne8 11. Be3 Nd6 12. Nbd2 f5 13. Bd3 Nxc4 14. Nxc4 Ne5 15. Nxe5 Bxe5 16. Kc2 Be6 17. exf5 gxf5 18. Rae1 Bg7 19. Bc5 Kf7 20. Re2 b6 21. Rhe1 bxc5 22. Rxe6 Bf6 23. Bxf5 Rac8 24. Bxh7 {1-0 Kovalev,V (2579)-Kononenko,D (2251) Titled Tue 23rd Jan Early 2024 (2)}) 10. Bg5 Re8 11. Nbd2 Ne5 12. Nxe5 Bxe5 13. a4 Nd7 14. a5 Nf8 15. Kc2 Be6 16. Nc4 Bc7 17. Be3 Nd7 18. h3 b5 19. Nd2 a6 20. f4 f6 21. g3 Bf7 22. Bg2 e5 23. f5 Bd6 24. Nb3 Red8 25. Rhd1 Be7 26. Rd2 Kf8 27. Rad1 Ke8 28. Nc1 c5 29. b3 Rac8 30. Kb2 Nb8 31. Rxd8+ Rxd8 32. Rxd8+ Kxd8 33. Nd3 Nd7 34. b4 cxb4 35. Nxb4 Bxb4 36. cxb4 Bc4 37. Kc3 Ke7 38. Bf3 1/2-1/2